000 00265nam a2200109Ia 4500
005 20251222114347.0
008 251222s1900||||xx |||||||||||||| ||spa||
082 _aDVD0090/C76
245 0 _aEconomía del Cono Norte de Lima.
264 _bTele Juan 19.
942 _cDVD
999 _c1085
_d1085